Secrets of Selkie Bay

Na minha lista:
Detalhes bibliográficos
Autor principal: Thomas, Shelley Moore
Formato: Livro
Idioma:Undetermined
Publicado em: New York Farrar Straus Giroux 2015
Assuntos:
Tags: Adicionar Tag
Sem tags, seja o primeiro a adicionar uma tag!
Thư viện lưu trữ: Trung tâm Học liệu Trường Đại học Cần Thơ
LEADER 00511nam a2200193Ia 4500
001 CTU_227935
008 210402s9999 xx 000 0 und d
082 |a 813.54 
082 |b T454 
100 |a Thomas, Shelley Moore 
245 0 |a Secrets of Selkie Bay 
245 0 |c Shelley Moore Thomas 
260 |a New York 
260 |b Farrar Straus Giroux 
260 |c 2015 
650 |a Selkies,Selkies 
650 |z Ireland,Ireland 
910 |b nthai 
980 |a Trung tâm Học liệu Trường Đại học Cần Thơ